[Event "Fredericia (Women)"]
[Site "Fredericia"]
[Date "2022.05.28"]
[Round "8"]
[White "Doluhanova, Evgeniya"]
[Black "Andersson, Christin"]
[Result "1-0"]
[WhiteElo "2270"]
[BlackElo "2028"]
[PlyCount "149"]
[EventDate "2022.05.25"]
[EventType "tourn"]
[EventRounds "10"]
[EventCountry "DEN"]
[SourceTitle "EXT 2024"]
[Source "ChessBase"]
[SourceDate "2023.10.10"]
[SourceVersion "1"]
[SourceVersionDate "2023.10.10"]
[SourceQuality "1"]

1. Nf3 Nf6 2. b3 d5 3. Bb2 c5 4. e3 Nc6 5. Bb5 Bd7 6. 0-0 e6 7. d3 a6 8. Bxc6 Bxc6 9. Ne5 Bd6 10. Nd2 Bxe5 11. Bxe5 0-0 12. f4 Nd7 13. Bb2 f6 14. Qg4 Qe7 15. Rf3 e5 16. f5 Rf7 17. Rh3 d4 18. e4 b5 19. Rf1 Nf8 20. Bc1 a5 21. Nf3 a4 22. Nh4 axb3 23. axb3 Bd7 24. Qh5 g5 25. fxg6 hxg6 26. Rg3 Rh7 27. Nxg6 Rxh5 28. Nxe7+ Kf7 29. Nd5 Ra6 30. Rgf3 f5 31. g4 Rh7 32. gxf5 Bc6 33. Nc7 Ra2 34. R3f2 Rg7+ 35. Kh1 Kf6 36. Ne6 Nxe6 37. fxe6+ Kxe6 38. h4 c4 39. bxc4 bxc4 40. Bg5 cxd3 41. Rf6+ Kd7 42. cxd3 Bb5 43. Rb1 Bc6 44. Rb6 Ba8 45. Kg1 Ra3 46. Ra6 Rxa6 47. Rxa6 Bb7 48. Ra7 Ke6 49. Kf2 Rf7+ 50. Kg3 Bc8 51. Ra8 Bb7 52. Rh8 Rf1 53. Rh6+ Kd7 54. Rh7+ Kc6 55. Re7 Ba6 56. Re6+ Kb7 57. Rxe5 Bxd3 58. h5 Rg1+ 59. Kf2 Rh1 60. h6 Rh5 61. Kf3 Kc6 62. Kg4 Be2+ 63. Kf5 d3 64. Kf6 Bf3 65. Be3 Rh4 66. Kf5 Kd6 67. Rd5+ Kc6 68. Rd4 Be2 69. Bg5 Rh1 70. Kg6 Bh5+ 71. Kg7 Rg1 72. h7 Rxg5+ 73. Kh6 Rg6+ 74. Kxh5 Rg3 75. Kh4 1-0

[Event "Fredericia (Women)"]
[Site "Fredericia"]
[Date "2022.05.26"]
[Round "3"]
[White "Andersson, Christin"]
[Black "Doluhanova, Evgeniya"]
[Result "0-1"]
[WhiteElo "2028"]
[BlackElo "2270"]
[PlyCount "90"]
[EventDate "2022.05.25"]
[EventType "tourn"]
[EventRounds "10"]
[EventCountry "DEN"]
[SourceTitle "EXT 2024"]
[Source "ChessBase"]
[SourceDate "2023.10.10"]
[SourceVersion "1"]
[SourceVersionDate "2023.10.10"]
[SourceQuality "1"]

1. e4 e5 2. Nf3 Nc6 3. Bc4 Bc5 4. 0-0 Nf6 5. c3 0-0 6. d4 Be7 7. Bg5 exd4 8. Bxf6 Bxf6 9. Nxd4 Ne5 10. Bb3 d6 11. f4 Ng6 12. Nd2 Re8 13. g4 Bxd4+ 14. cxd4 Ne7 15. Nf3 d5 16. Ne5 f6 17. Nd3 Kh8 18. e5 Nc6 19. Nf2 g5 20. fxg5 fxe5 21. dxe5 Qxg5 22. Qxd5 Be6 23. Qg2 Bxb3 24. axb3 Rxe5 25. Rad1 Rg8 26. Kh1 Re2 27. Rd7 Ne5 28. Ne4 Rxe4 29. Rxh7+ Kxh7 30. Qxe4+ Kh8 31. h3 Nxg4 32. Qxg4 Qxg4 33. hxg4 Rxg4 34. Rf3 Kg7 35. Kh2 c6 36. Kh3 Rg5 37. Rf4 a6 38. Rf3 Kg6 39. Rc3 Kf6 40. Rc4 Ke6 41. Rd4 Rd5 42. Re4+ Kf5 43. Re3 Kf4 44. Rc3 Rd2 45. Rc4+ Ke5 0-1

[Event "Stockholm Cramling op"]
[Site "Stockholm"]
[Date "2018.09.01"]
[Round "2"]
[White "Cramling Bellon, Anna"]
[Black "Andersson, Christin"]
[Result "1-0"]
[WhiteElo "2009"]
[BlackElo "2077"]
[PlyCount "107"]
[EventDate "2018.09.01"]
[EventType "swiss"]
[EventRounds "7"]
[EventCountry "SWE"]
[SourceTitle "CBM 186 Extra"]
[Source "ChessBase"]
[SourceDate "2018.08.24"]
[SourceVersion "1"]
[SourceVersionDate "2018.08.24"]
[SourceQuality "1"]

1. d4 d5 2. c4 c6 3. Nc3 Nf6 4. Nf3 g6 5. Bf4 Bg7 6. e3 0-0 7. Bd3 Nbd7 8. cxd5 Nxd5 9. Nxd5 cxd5 10. 0-0 Re8 11. Bb5 a6 12. Rc1 e6 13. Ba4 b5 14. Bb3 a5 15. a4 Ba6 16. Re1 Rc8 17. Rxc8 Qxc8 18. Qd2 b4 19. Rc1 Bc4 20. Bd1 Qa8 21. b3 Ba6 22. Be2 Nf6 23. Bxa6 Qxa6 24. Qc2 Bf8 25. Ne5 Ne4 26. Qc7 Re7 27. Qd8 Qd6 28. Qxd6 Nxd6 29. Nxg6 hxg6 30. Bxd6 Ra7 31. Rc8 Kg7 32. Bxf8+ Kf6 33. Bc5 Ra6 34. Kf1 Kf5 35. Ke2 f6 36. f3 e5 37. Rd8 Rc6 38. Rxd5 Rc7 39. Kd3 Rh7 40. h3 Ke6 41. Rd6+ Kf5 42. Ra6 Rd7 43. Rxa5 Kg5 44. Ra6 f5 45. Rd6 Rh7 46. Bxb4 f4 47. dxe5 Rb7 48. Rd4 fxe3 49. Kxe3 Kf5 50. f4 g5 51. g4+ Kg6 52. f5+ Kh6 53. e6 Kg7 54. Rd7+ 1-0

[Event "Stockholm Cramling op"]
[Site "Stockholm"]
[Date "2018.09.01"]
[Round "4"]
[White "Rinne, Heini"]
[Black "Andersson, Christin"]
[Result "0-1"]
[WhiteElo "1760"]
[BlackElo "2077"]
[PlyCount "104"]
[EventDate "2018.09.01"]
[EventType "swiss"]
[EventRounds "7"]
[EventCountry "SWE"]
[SourceTitle "CBM 186 Extra"]
[Source "ChessBase"]
[SourceDate "2018.08.24"]
[SourceVersion "1"]
[SourceVersionDate "2018.08.24"]
[SourceQuality "1"]

1. d4 d5 2. c4 e6 3. Nc3 Nf6 4. cxd5 exd5 5. Bg5 Bb4 6. Qb3 Nc6 7. e3 Be6 8. Bb5 Be7 9. Nf3 0-0 10. Bxc6 bxc6 11. Ne5 Bd7 12. 0-0 h6 13. Bh4 Nh7 14. Bxe7 Qxe7 15. Nxd7 Qxd7 16. Na4 Rab8 17. Qa3 Qd6 18. Nc5 f5 19. f4 Nf6 20. Qc3 Rfe8 21. Rfe1 Ne4 22. Nxe4 Rxe4 23. b3 Rbe8 24. Rac1 R8e6 25. Kf2 Qe7 26. g3 g5 27. Qc5 Kf7 28. Qxe7+ Kxe7 29. Rc5 Kd7 30. Ra5 Re8 31. Rxa7 R4e6 32. Ra5 gxf4 33. gxf4 Rg8 34. Rc5 Reg6 35. Rec1 h5 36. Rh1 Rg2+ 37. Kf3 Rxa2 38. Rcc1 Rgg2 39. Rcf1 Rxh2 40. Rxh2 Rxh2 41. Kg3 Rb2 42. Kh4 Rxb3 43. Re1 Rb2 44. Rh1 Rb3 45. Rh3 Ke6 46. Kxh5 c5 47. dxc5 d4 48. Kg5 dxe3 49. Rh6+ Kd5 50. Kxf5 Kxc5 51. Re6 Kd4 52. Kg6 Rb6 0-1

[Event "Olympiad Women-40"]
[Site "Istanbul"]
[Date "2012.09.09"]
[Round "11.2"]
[White "Zykina, Nadezhda"]
[Black "Andersson, Christin"]
[Result "1-0"]
[WhiteElo "2078"]
[BlackElo "2074"]
[PlyCount "103"]
[EventDate "2012.08.28"]
[EventType "team-swiss"]
[EventRounds "11"]
[EventCountry "TUR"]
[SourceTitle "CBM 150 Extra"]
[Source "ChessBase"]
[SourceDate "2012.10.19"]
[SourceVersion "1"]
[SourceVersionDate "2012.10.19"]
[SourceQuality "1"]
[WhiteTeam "IPCA (W)"]
[BlackTeam "Sweden (W)"]
[BlackTeamCountry "SWE"]

1. Nf3 Nf6 2. d4 d5 3. Bg5 Ne4 4. Bh4 Nd7 5. e3 c6 6. c3 Ndf6 7. Bd3 h6 8. Nbd2 g5 9. Bg3 Nxg3 10. hxg3 Bg7 11. Qc2 Qc7 12. Ne5 Nd7 13. f4 Nxe5 14. fxe5 Be6 15. Bf5 Qd7 16. g4 h5 17. Bxe6 Qxe6 18. Qf5 Qxf5 19. gxf5 f6 20. e6 0-0-0 21. Ke2 h4 22. a4 Rdg8 23. Kf3 g4+ 24. Ke2 Rh5 25. Raf1 Bh6 26. c4 dxc4 27. Nxc4 h3 28. g3 Rd8 29. b4 Rd5 30. Rd1 Rdxf5 31. e4 Rf3 32. d5 Rxg3 33. d6 Bf4 34. dxe7 Rh8 35. Nd6+ Bxd6 36. Rxd6 Kc7 37. Rd7+ Kc8 38. Rhd1 Rg2+ 39. Ke3 Rg3+ 40. Kf2 Rf3+ 41. Ke2 Rf4 42. Rd8+ Kc7 43. Rxh8 Rxe4+ 44. Kf2 Rxe6 45. e8Q Rxe8 46. Rxe8 Kb6 47. Kg3 a5 48. bxa5+ Kxa5 49. Rb1 b5 50. Rb8 f5 51. axb5 c5 52. b6 1-0

[Event "Queenstown op"]
[Site "Queenstown"]
[Date "2012.01.21"]
[Round "7"]
[White "Andersson, Christin"]
[Black "Bischoff, Klaus"]
[Result "0-1"]
[WhiteElo "2123"]
[BlackElo "2537"]
[PlyCount "58"]
[EventDate "2012.01.15"]
[EventType "swiss"]
[EventRounds "9"]
[EventCountry "NZL"]
[SourceTitle "CBM 146 Extra"]
[Source "ChessBase"]
[SourceDate "2012.02.29"]
[SourceVersion "1"]
[SourceVersionDate "2012.02.29"]
[SourceQuality "1"]

1. e4 c5 2. Nf3 d6 3. Bb5+ Nd7 4. 0-0 a6 5. Bxd7+ Bxd7 6. d4 cxd4 7. Qxd4 Rc8 8. Nc3 e5 9. Qd3 h6 10. Be3 Nf6 11. Rad1 Be7 12. Nd2 b5 13. a3 0-0 14. h3 Qc7 15. f4 Rfd8 16. Nf3 Be6 17. Rfe1 d5 18. Nxe5 d4 19. Nxb5 axb5 20. Bf2 Qxc2 21. f5 Bb3 22. Qf3 Nxe4 23. Bxd4 Bc4 24. Qe3 Rxd4 25. Rxd4 Qxb2 26. Nf3 Ng5 27. Rd8+ Rxd8 28. Qxe7 Nxf3+ 29. gxf3 Rd2 0-1

[Event "Queenstown op"]
[Site "Queenstown"]
[Date "2012.01.15"]
[Round "1"]
[White "Andersson, Christin"]
[Black "Li, William Xiang Wei"]
[Result "1/2-1/2"]
[WhiteElo "2123"]
[BlackElo "1672"]
[PlyCount "151"]
[EventDate "2012.01.15"]
[EventType "swiss"]
[EventRounds "9"]
[EventCountry "NZL"]
[SourceTitle "CBM 146 Extra"]
[Source "ChessBase"]
[SourceDate "2012.02.29"]
[SourceVersion "1"]
[SourceVersionDate "2012.02.29"]
[SourceQuality "1"]

1. e4 c5 2. Nf3 d6 3. Bb5+ Bd7 4. Bxd7+ Nxd7 5. d4 cxd4 6. Qxd4 Ngf6 7. 0-0 g6 8. Nc3 Bg7 9. Bg5 0-0 10. Rad1 Qc7 11. Qd2 a6 12. Rfe1 Rfe8 13. h3 Rac8 14. Nd4 b5 15. a3 Nb6 16. Qe2 Nfd7 17. Bc1 Ne5 18. Nb1 Nc6 19. c3 Qb7 20. f4 e6 21. Be3 Nc4 22. Bf2 Rcd8 23. b3 Nb6 24. Qf3 Nd7 25. e5 d5 26. Nd2 Rc8 27. b4 Nb6 28. N2b3 Na4 29. Rc1 Qd7 30. Nxc6 Rxc6 31. Bd4 Rec8 32. Nc5 Nxc5 33. Bxc5 Bf8 34. Bd4 Be7 35. g4 Bd8 36. Red1 Bb6 37. Bxb6 Rxb6 38. Kh2 Rbc6 39. h4 Qc7 40. Rd3 Rc4 41. Qe3 Re4 42. Qd2 Qc4 43. Rf1 Qb3 44. f5 Rxg4 45. fxe6 fxe6 46. Qf2 Qc4 47. Rh3 Qc7 48. Qf6 Re8 49. Rhf3 Qe7 50. h5 Rh4+ 51. Rh3 Qxf6 52. Rxf6 Rxh3+ 53. Kxh3 Rc8 54. hxg6 Rxc3+ 55. Kg4 hxg6 56. Rxe6 Rxa3 57. Rxg6+ Kf7 58. Rd6 Ra4 59. Kf5 Rxb4 60. Rxa6 Rb1 61. Ra7+ Kf8 62. Rd7 Rd1 63. Kf6 Rf1+ 64. Ke6 b4 65. Rxd5 b3 66. Rd8+ Kg7 67. Rb8 Rb1 68. Ke7 b2 69. e6 Kg6 70. Rb5 Kg7 71. Rg5+ Kh6 72. Rg2 Kh5 73. Rd2 Kg6 74. Rg2+ Kh7 75. Rf2 Kg7 76. Rg2+ 1/2-1/2

[Event "Doeberl Cup 49th"]
[Site "Canberra"]
[Date "2011.04.21"]
[Round "1"]
[White "Andersson, Christin"]
[Black "Yin, Wenlin"]
[Result "1-0"]
[WhiteElo "2163"]
[BlackElo "1920"]
[PlyCount "87"]
[EventDate "2011.04.21"]
[EventType "swiss"]
[EventRounds "9"]
[EventCountry "AUS"]
[SourceTitle "CBM 141 Extra"]
[Source "ChessBase"]
[SourceDate "2011.05.03"]
[SourceVersion "1"]
[SourceVersionDate "2011.05.03"]
[SourceQuality "1"]

1. e4 c5 2. Nf3 e6 3. Nc3 a6 4. Be2 d5 5. exd5 exd5 6. 0-0 Nf6 7. d4 cxd4 8. Nxd4 Be7 9. Bg5 0-0 10. Bf3 Nc6 11. Re1 h6 12. Bh4 Re8 13. a3 Nxd4 14. Qxd4 Be6 15. Rad1 Qd7 16. Bg3 Rac8 17. h3 Rc4 18. Qxc4 dxc4 19. Rxd7 Nxd7 20. Bxb7 Nc5 21. Bd5 Rd8 22. Bxe6 fxe6 23. Rd1 Rxd1+ 24. Nxd1 Ne4 25. Be5 Kf7 26. Kf1 Bc5 27. Ke2 g6 28. c3 Nf6 29. Ne3 Bxe3 30. Kxe3 Nd7 31. Kd4 Nb6 32. Bf4 g5 33. Bc1 Ke7 34. Kc5 Nd7+ 35. Kxc4 Kd6 36. f4 Nb6+ 37. Kd3 Kd5 38. fxg5 hxg5 39. Bxg5 e5 40. b3 e4+ 41. Ke3 Nd7 42. c4+ Ke5 43. Bf4+ Kf5 44. g4+ 1-0

[Event "Doeberl Cup 49th"]
[Site "Canberra"]
[Date "2011.04.21"]
[Round "2"]
[White "Goh, Wei Ming Kevin"]
[Black "Andersson, Christin"]
[Result "1/2-1/2"]
[WhiteElo "2382"]
[BlackElo "2163"]
[PlyCount "120"]
[EventDate "2011.04.21"]
[EventType "swiss"]
[EventRounds "9"]
[EventCountry "AUS"]
[SourceTitle "CBM 141 Extra"]
[Source "ChessBase"]
[SourceDate "2011.05.03"]
[SourceVersion "1"]
[SourceVersionDate "2011.05.03"]
[SourceQuality "1"]

1. e4 e5 2. Nf3 d6 3. d4 exd4 4. Nxd4 Nf6 5. Nc3 Be7 6. Bf4 0-0 7. Qd2 d5 8. Ndb5 Na6 9. exd5 Bb4 10. 0-0-0 Bd7 11. Qd3 Re8 12. f3 Qc8 13. a3 Bc5 14. Bg5 Bf5 15. Qc4 Bxc2 16. Bxf6 Bxd1 17. Ne4 c6 18. Nbc3 b5 19. Qd3 Bb3 20. d6 Qe6 21. d7 gxf6 22. dxe8Q+ Rxe8 23. g4 Bf8 24. Qd4 Bg7 25. Qxa7 Nb8 26. Bd3 Nd7 27. Re1 Ne5 28. Bc2 Bxc2 29. Kxc2 Qc4 30. f4 Qd3+ 31. Kc1 Nxg4 32. Rd1 Qf3 33. Nd6 Qxf4+ 34. Kb1 Rf8 35. h3 Ne3 36. Rd4 Qf2 37. Re4 Qc2+ 38. Ka2 Nd1 39. Nxd1 Qxd1 40. Qc5 Qd5+ 41. Qxd5 cxd5 42. Rg4 h5 43. Rh4 Rb8 44. Rxh5 b4 45. axb4 Rxb4 46. Rxd5 Rh4 47. Nf5 Rxh3 48. Nxg7 Kxg7 49. b4 Rh8 50. b5 Kg6 51. Kb3 f5 52. Kc4 Kg5 53. b6 Rb8 54. Rb5 Kg4 55. Kd3 f4 56. Ke2 f3+ 57. Kf2 Kf4 58. Rb4+ Ke5 59. Kxf3 Kd5 60. Kf4 Kc5 1/2-1/2

[Event "Thailand op 11th"]
[Site "Pattaya"]
[Date "2011.04.12"]
[Round "3"]
[White "Andersson, Christin"]
[Black "Willemze, Thomas"]
[Result "0-1"]
[WhiteElo "2163"]
[BlackElo "2390"]
[PlyCount "108"]
[EventDate "2011.04.11"]
[EventType "swiss"]
[EventRounds "9"]
[EventCountry "THA"]
[SourceTitle "CBM 141 Extra"]
[Source "ChessBase"]
[SourceDate "2011.05.03"]
[SourceVersion "1"]
[SourceVersionDate "2011.05.03"]
[SourceQuality "1"]

1. e4 c6 2. d4 d5 3. exd5 cxd5 4. Bd3 Nc6 5. c3 Qc7 6. h3 g6 7. Ne2 Bf5 8. Bxf5 gxf5 9. Bf4 Qd7 10. Nd2 e6 11. Nf3 Bd6 12. Qd2 Nf6 13. 0-0-0 Rg8 14. g3 Ne4 15. Qe3 b5 16. Ne5 Bxe5 17. dxe5 Qe7 18. f3 Nc5 19. g4 fxg4 20. hxg4 b4 21. cxb4 Nxb4 22. Kb1 Rb8 23. Rxh7 Na4 24. Rd2 Qb7 25. Rh1 Nb6 26. Qb3 Nc4 27. Rc1 Qa6 28. Rdc2 Ke7 29. Rc3 Nxa2 30. Bg5+ Kd7 31. Rxc4 Nxc1 32. Qa4+ Qxa4 33. Rxa4 Nxe2 34. Rxa7+ Kc6 35. Bd2 Rb7 36. Ra6+ Rb6 37. Ra1 Rgb8 38. b4 R8b7 39. Ra8 Nd4 40. f4 Rb8 41. Ra7 R6b7 42. Ra6+ Kd7 43. f5 Nc6 44. Kc1 Nxe5 45. g5 Nd3+ 46. Kd1 Nxb4 47. Ra4 exf5 48. Bf4 Nd3 49. Rd4 Nxf4 50. Rxf4 Ke6 51. g6 fxg6 52. Kd2 Ke5 53. Ra4 g5 54. Kd3 Rb2 0-1

[Event "Reykjavik op"]
[Site "Reykjavik"]
[Date "2011.03.14"]
[Round "7"]
[White "Andersson, Christin"]
[Black "Karavade, Eesha"]
[Result "1/2-1/2"]
[WhiteElo "2163"]
[BlackElo "2330"]
[PlyCount "109"]
[EventDate "2011.03.09"]
[EventType "swiss"]
[EventRounds "9"]
[EventCountry "ISL"]
[SourceTitle "CBM 141 Extra"]
[Source "ChessBase"]
[SourceDate "2011.05.03"]
[SourceVersion "1"]
[SourceVersionDate "2011.05.03"]
[SourceQuality "1"]

1. e4 c5 2. Nf3 d6 3. Bb5+ Nd7 4. d4 Ngf6 5. Nc3 a6 6. Bxd7+ Nxd7 7. e5 cxd4 8. Qxd4 dxe5 9. Nxe5 e6 10. Nxd7 Bxd7 11. Be3 Bc6 12. f3 Qxd4 13. Bxd4 0-0-0 14. 0-0-0 Bd6 15. Ne4 Bf4+ 16. Kb1 e5 17. Bb6 Rxd1+ 18. Rxd1 Bxe4 19. fxe4 Bxh2 20. Rd5 Re8 21. Kc1 Bf4+ 22. Kd1 h5 23. Ke2 g5 24. c4 g4 25. Rc5+ Kd7 26. Rc7+ Ke6 27. Rxb7 Rc8 28. Rc7 Rb8 29. Rc6+ Kd7 30. Rc7+ Ke8 31. c5 h4 32. Ra7 h3 33. gxh3 gxh3 34. Kf2 Rc8 35. Rxa6 h2 36. Kg2 Kd7 37. Kh1 Rg8 38. c6+ Kxc6 39. Bf2+ Kb5 40. Rb6+ Kc4 41. Rb3 Ra8 42. Rc3+ Kb5 43. Be3 Bxe3 44. Rxe3 Rxa2 45. Rf3 Rxb2 46. Rxf7 Kc4 47. Rc7+ Kd4 48. Rc4+ Ke3 49. Rc3+ Ke2 50. Rc5 Kf3 51. Rxe5 Kg3 52. Rg5+ Kh3 53. Rh5+ Kg3 54. Rg5+ Kh3 55. Rh5+ 1/2-1/2

[Event "Reykjavik op"]
[Site "Reykjavik"]
[Date "2011.03.10"]
[Round "2.52"]
[White "Andersson, Christin"]
[Black "Frijling, Jeroen"]
[Result "1-0"]
[WhiteElo "2163"]
[BlackElo "1874"]
[PlyCount "69"]
[EventDate "2011.03.09"]
[EventType "swiss"]
[EventRounds "9"]
[EventCountry "ISL"]
[SourceTitle "CBM 141 Extra"]
[Source "ChessBase"]
[SourceDate "2011.05.03"]
[SourceVersion "1"]
[SourceVersionDate "2011.05.03"]
[SourceQuality "1"]

1. e4 c5 2. Nf3 Nc6 3. Bb5 Qb6 4. Nc3 e6 5. Bxc6 dxc6 6. 0-0 Nf6 7. d3 Be7 8. Rb1 0-0 9. Bf4 Qd8 10. h3 b6 11. Ne5 Bb7 12. Qf3 Bd6 13. Ng4 Nxg4 14. Qxg4 Bxf4 15. Qxf4 Qe7 16. Rbe1 Rad8 17. Qg3 e5 18. f4 exf4 19. Rxf4 Rd6 20. Ref1 Rg6 21. Qf3 Bc8 22. Ne2 Be6 23. Ng3 Qg5 24. Nf5 Rd8 25. h4 Qf6 26. Nh6+ Rxh6 27. Rxf6 Rxf6 28. Qg3 Rxf1+ 29. Kxf1 g6 30. Qc7 Rd7 31. Qxc6 h5 32. b3 Kg7 33. a4 Kf6 34. a5 bxa5 35. Qxc5 1-0

[Event "Reykjavik op"]
[Site "Reykjavik"]
[Date "2011.03.09"]
[Round "1.7"]
[White "Hammer, Jon Ludvig"]
[Black "Andersson, Christin"]
[Result "1-0"]
[WhiteElo "2606"]
[BlackElo "2163"]
[PlyCount "85"]
[EventDate "2011.03.09"]
[EventType "swiss"]
[EventRounds "9"]
[EventCountry "ISL"]
[SourceTitle "CBM 141 Extra"]
[Source "ChessBase"]
[SourceDate "2011.05.03"]
[SourceVersion "1"]
[SourceVersionDate "2011.05.03"]
[SourceQuality "1"]

1. d4 Nf6 2. c4 d6 3. Nf3 Nbd7 4. Nc3 e5 5. e4 Be7 6. g3 0-0 7. Bg2 c6 8. 0-0 Qc7 9. Bd2 b6 10. Rc1 Bb7 11. Re1 Rad8 12. d5 Nc5 13. Bf1 cxd5 14. cxd5 Qd7 15. b4 Ncxe4 16. Nxe4 Nxe4 17. Rxe4 Bxd5 18. Re3 Bxa2 19. Rec3 Rc8 20. Bb5 Qg4 21. Rc7 Rxc7 22. Rxc7 Bf6 23. Rxa7 Bd5 24. Be2 Qh3 25. Be3 Ba8 26. Bxb6 d5 27. Bc5 Rd8 28. Qa4 Qc8 29. Qa6 d4 30. Qxc8 Rxc8 31. Nd2 Bd5 32. Bc4 Bxc4 33. Nxc4 h5 34. Nd6 Rb8 35. Kf1 d3 36. Ke1 h4 37. Kd2 hxg3 38. hxg3 Bd8 39. Nxf7 Bb6 40. Rd7 e4 41. Bxb6 Rxb6 42. Ng5 Kf8 43. Rd4 1-0

[Event "Olympiad Women-39"]
[Site "Khanty-Mansiysk"]
[Date "2010.10.03"]
[Round "11.28"]
[White "Ramirez M, Eugenia"]
[Black "Andersson, Christin"]
[Result "1/2-1/2"]
[WhiteElo "2031"]
[BlackElo "2113"]
[PlyCount "133"]
[EventDate "2010.09.21"]
[EventType "team-swiss"]
[EventRounds "11"]
[EventCountry "RUS"]
[SourceTitle "CBM 139"]
[Source "ChessBase"]
[SourceDate "2010.11.18"]
[SourceVersion "1"]
[SourceVersionDate "2010.11.18"]
[SourceQuality "1"]
[WhiteTeam "Bolivia (W)"]
[BlackTeam "Sweden (W)"]
[WhiteTeamCountry "BOL"]
[BlackTeamCountry "SWE"]

1. e4 e6 2. d4 d5 3. exd5 exd5 4. Bd3 Bd6 5. c3 c6 6. Nf3 Bg4 7. Qe2+ Qe7 8. Qxe7+ Nxe7 9. Ne5 Be6 10. f4 f6 11. Nf3 Nd7 12. Kf2 0-0-0 13. Re1 Bf7 14. a4 Rde8 15. Na3 Nb6 16. a5 Nd7 17. Bd2 c5 18. Nb5 Bb8 19. Bc2 a6 20. Na3 Bg6 21. g3 Bxc2 22. Nxc2 c4 23. Ne3 Bc7 24. Reb1 Nb8 25. b4 cxb3 26. Rxb3 Nbc6 27. c4 dxc4 28. Nxc4 Nd5 29. Rab1 Re4 30. Rxb7 Nxd4 31. Ra7 Nc6 32. Ra8+ Nb8 33. Nb6+ Bxb6+ 34. axb6 Rhe8 35. Ra7 R4e7 36. Nd4 Rd7 37. Ba5 Kd8 38. Ra8 Rb7 39. Nc6+ Kd7 40. Nxb8+ Rexb8 41. Rxa6 Kc6 42. Bd2 Rxb6 43. Raxb6+ Rxb6 44. Rxb6+ Nxb6 45. g4 Kd5 46. Kf3 Nc4 47. Bc3 Ke6 48. f5+ Kf7 49. Kf4 Nd6 50. h4 g6 51. fxg6+ hxg6 52. Bb4 Nc4 53. Bc5 Ne5 54. Bd4 Nc6 55. Bc3 Ne7 56. Bd4 Ke6 57. Kf3 Nc6 58. Bc3 Ne7 59. Bd4 Ng8 60. Bc5 Nh6 61. Bf8 Nf7 62. h5 gxh5 63. gxh5 Ne5+ 64. Kf4 f5 65. Bg7 Nf7 66. h6 Nxh6 67. Bxh6 1/2-1/2

[Event "Olympiad Women-39"]
[Site "Khanty-Mansiysk"]
[Date "2010.10.01"]
[Round "10.20"]
[White "Fierro Baquero, Martha Lorena"]
[Black "Andersson, Christin"]
[Result "1/2-1/2"]
[WhiteElo "2368"]
[BlackElo "2113"]
[PlyCount "86"]
[EventDate "2010.09.21"]
[EventType "team-swiss"]
[EventRounds "11"]
[EventCountry "RUS"]
[SourceTitle "CBM 139"]
[Source "ChessBase"]
[SourceDate "2010.11.18"]
[SourceVersion "1"]
[SourceVersionDate "2010.11.18"]
[SourceQuality "1"]
[WhiteTeam "Ecuador (W)"]
[BlackTeam "Sweden (W)"]
[WhiteTeamCountry "ECU"]
[BlackTeamCountry "SWE"]

1. e4 e6 2. Nf3 d5 3. Nc3 Nf6 4. e5 Nfd7 5. d4 c5 6. dxc5 Nc6 7. Bf4 a6 8. Bd3 Nxc5 9. Qe2 Be7 10. h4 Qa5 11. Bd2 Qc7 12. a3 Bd7 13. Rc1 Nxd3+ 14. cxd3 Qb6 15. b4 a5 16. Na4 Qb5 17. Nc3 Qb6 18. Be3 d4 19. Nxd4 Nxd4 20. Qg4 axb4 21. Bxd4 Qa6 22. axb4 Qxd3 23. Rh3 Qg6 24. Qxg6 hxg6 25. Bc5 Rxh4 26. Rxh4 Bxh4 27. Ne4 Be7 28. Nd6+ Bxd6 29. Bxd6 Rc8 30. Rxc8+ Bxc8 31. Kd2 g5 32. Ke3 f5 33. g3 Kf7 34. f3 Bd7 35. Bc7 Bc6 36. Bd8 Kg6 37. Be7 Kh5 38. Bd8 g4 39. f4 Kg6 40. Kd4 Kf7 41. Kc5 Ke8 42. Bg5 Kd7 43. Kb6 Bf3 1/2-1/2

[Event "Politiken Cup 32nd"]
[Site "Copenhagen"]
[Date "2010.08.06"]
[Round "8"]
[White "Andersson, Christin"]
[Black "Hjornevik, Knut Jarle"]
[Result "0-1"]
[WhiteElo "2129"]
[BlackElo "1981"]
[PlyCount "88"]
[EventDate "2010.07.31"]
[EventType "swiss"]
[EventRounds "10"]
[EventCountry "DEN"]
[SourceTitle "CBM 137 Extra"]
[Source "ChessBase"]
[SourceDate "2010.09.01"]
[SourceVersion "1"]
[SourceVersionDate "2010.09.01"]
[SourceQuality "1"]

1. e4 c5 2. Nf3 g6 3. c3 Bg7 4. d4 cxd4 5. cxd4 d5 6. exd5 Qxd5 7. Nc3 Qd6 8. Bb5+ Bd7 9. 0-0 Nf6 10. Ne5 Bxb5 11. Nxb5 Qb6 12. a4 0-0 13. Be3 Nd5 14. Nc4 Qd8 15. Nc3 Nc6 16. Re1 Ncb4 17. Qd2 e6 18. Nxd5 Nxd5 19. Bh6 Qe7 20. Bxg7 Kxg7 21. b3 Rfd8 22. Rad1 Qb4 23. Qc2 Rac8 24. Qe4 Nc3 25. Qe5+ f6 26. Qe3 Nxd1 27. Rxd1 Rd7 28. g4 Qe7 29. h4 Rd5 30. f4 Rcd8 31. g5 b6 32. Qe4 Rxd4 33. Rxd4 Qc5 34. Qxe6 Qxd4+ 35. Ne3 fxg5 36. Qe7+ Kg8 37. hxg5 Qd7 38. Qe4 Re8 39. Qc4+ Qe6 40. Kf2 Qxc4 41. Nxc4 Kg7 42. Kf3 Re1 43. a5 b5 44. Nd6 Rb1 0-1

[Event "Reykjavik op"]
[Site "Reykjavik"]
[Date "2010.03.01"]
[Round "7"]
[White "Andersson, Christin"]
[Black "Ansell, Simon"]
[Result "0-1"]
[WhiteElo "2135"]
[BlackElo "2381"]
[PlyCount "138"]
[EventDate "2010.02.24"]
[EventType "swiss"]
[EventRounds "9"]
[EventCountry "ISL"]
[SourceTitle "CBM 135 Extra"]
[Source "ChessBase"]
[SourceDate "2010.05.04"]
[SourceVersion "1"]
[SourceVersionDate "2010.05.04"]
[SourceQuality "1"]

1. e4 c6 2. d4 d5 3. exd5 cxd5 4. Nf3 Nf6 5. Bd3 Bg4 6. h3 Bxf3 7. Qxf3 Nc6 8. c3 e6 9. Bg5 Be7 10. 0-0 0-0 11. Re1 Rc8 12. Nd2 Re8 13. Nf1 Nd7 14. Bf4 g6 15. Rad1 a6 16. Ne3 Nf6 17. Bg5 Kg7 18. Qf4 Ng8 19. Bxe7 Rxe7 20. Ng4 Rec7 21. Re3 Qh4 22. Qd6 Nf6 23. Nxf6 Qxf6 24. Rde1 Qg5 25. Rg3 Qd2 26. Re2 Qc1+ 27. Kh2 Re7 28. Rg4 h5 29. Rg3 Rd8 30. Qc5 Qf4 31. Kh1 Qd6 32. Qb6 Rc8 33. Re1 Qf4 34. Rf3 Qh4 35. Qb3 Rec7 36. Qd1 b5 37. Qd2 Rb8 38. Qe2 Rcb7 39. Rg3 Ne7 40. Rf3 Nc6 41. Qc2 Rb6 42. Rg3 Ne7 43. Qe2 b4 44. Rf3 bxc3 45. bxc3 Qg5 46. Rg3 Qf6 47. Rf3 Qg5 48. Rg3 Qf4 49. Rf3 Qd6 50. Qe3 Nf5 51. Qg5 Rb2 52. a4 a5 53. Bb5 h4 54. Qc1 R2xb5 55. axb5 Rxb5 56. Qa1 Qc7 57. Rb1 Qb6 58. Rc1 Nd6 59. Rd3 Rb2 60. Rf1 Nc4 61. Qa4 Qb3 62. Qxb3 Rxb3 63. Ra1 a4 64. Kh2 a3 65. g4 Rb2 66. Kg2 a2 67. Kf1 Rb1+ 68. Rd1 Rxd1+ 69. Rxd1 Nd2+ 0-1